000 00208 a2200097 4500
001 18592
100 _aJang Sher
245 _aTarikh-e-inqilab roos
260 _a
_bKitab manzil
_c1947
090 _c13820
_d13820
942 _aNUST-CAE
_cM
_c4248
999 _c253665
_d253665